| 000 | 00400nam a22001697a 4500 | ||
|---|---|---|---|
| 003 | MACL | ||
| 005 | 20160115135213.0 | ||
| 008 | 160115b xxu||||| |||| 00| 0 eng d | ||
| 040 | _cMACL | ||
| 041 | _aEnglish | ||
| 082 | _a920/MAZ | ||
| 100 |
_aMazumdar,Vina _932577 |
||
| 245 | _aMemories of A Rolling Stone | ||
| 260 |
_aNew Delhi _bZubaan _c2010 |
||
| 650 |
_aMemories _918144 |
||
| 942 |
_2ddc _cBK |
||
| 999 |
_c52435 _d52435 |
||